000 01951nam0a2200445 4500
001 RU\NLR\bibl\210011
005 20250619100512.0
010 _a5-7851-0301-X
_93000
021 _aRU
_b2001-31466
_91501
035 _a(NLR Aleph) 000206231
090 _a1196251
_c1196251
100 _a20011129d2001 |||y0rusy50 ca
101 0 _arus
102 _aRU
105 _aa |||||||||
200 1 _aУрал и экология
_eУчеб. пособие
_f[А. Л. Анфимов, С.Н. Бадьев, Л.С. Богоявленский и др.]
_gПод общ. ред. проф., д.т.н. А. М. Черняева, д.филос.н. Б. А. Урванцева
205 _a2-е изд.
210 _aЕкатеринбург
_cБанк культур. информ.
_d2001
215 _a285,[1] с.
_cил.
_d20
225 1 _aПрирода Урала
_fРед. совет: А.М. Черняев (пред.) и др.
_vВып. 5
320 _aБиблиогр.: с. 276-278
606 0 _aЭкология
_jРуководства, пособия и т.п.
_yУрал
_92007120
_3RU\NLR\auth\661207838
606 0 _aЭкология
_jУчебные издания
_yУрал
_92007120
_3RU\NLR\auth\661207838
610 0 _aЭкология
610 0 _aУрал, охрана окружающей среды
675 _a504.06(470.5)(075.8)
_v3
_zrus
686 _a87
_2rugasnti
686 _a20.18я73
_2rubbk
686 _aУ28(2Р36)я7
686 _aЕ081(2Р36)я7
701 1 _aАнфимов
_f1957-
_gАртемий Львович
_4070
701 1 _aБадьев
_f1947-
_gСергей Николаевич
_4070
701 1 _aБогоявленский
_f1924-
_gЛеонид Сергеевич
_4070
702 1 _aЧерняев
_gАлександр Михайлович
_4340
801 0 _aRU
_bRKP
_c20011129
_gPSBO
801 1 _aRU
_bRKP
_c20011129
801 2 _aRU
_bNLR
_c20020130
_grcr
942 _cBOOK
980 _aNB